000 00632 a2200193 4500
003 0
005 20251110144710.0
040 _cNust
082 _a621.382,JAM
100 _aJamal, NC Wasif Muhammad (TCC-05)
_9131758
245 _aEmulation system of 8751 /
_cMuhammad Wasif Jamal, NC Jawad Saraf and Muhammad Shahzad Akram (TCC-05)
260 _aRawalpindi
_bMCS (UET Lahore)
_c1997
300 _a130 p.;
505 _aEmulator (Pge-5), Target system (Page-60), Power supply (Page-105).
650 _aUG Projects
_998716
651 _aTCC-05
_998717
700 _aSupervised by Lt Col Khaista Gul
_9131759
942 _2ddc
_cPR
999 _c182570
_d182570